header

The IBM TotalStorage NAS 100 integration guide (Record no. 210725)

MARC details
000 -LEADER
fixed length control field 01500nam a2200373Ia 4500
100 1# - MAIN ENTRY--AUTHOR NAME
Personal name Tretau, Roland.
245 14 - TITLE STATEMENT
Title The IBM TotalStorage NAS 100 integration guide
250 ## - EDITION STATEMENT
Edition statement 1st ed.
260 ## - PUBLICATION, DISTRIBUTION, ETC. (IMPRINT)
Place of publication San Jose, CA :
Name of publisher IBM, International Technical Support Organization,
Year of publication 2003.
300 ## - PHYSICAL DESCRIPTION
Number of Pages xxiv, 329 p. :
Other physical details ill.
490 1# - SERIES STATEMENT
Series statement IBM redbooks
500 ## - GENERAL NOTE
General note "February 2003."
General note "SG24-6913-00."
650 #0 - SUBJECT ADDED ENTRY--TOPICAL TERM
Topical Term Storage area networks (Computer networks)
Topical Term Computer storage devices.
700 1# - ADDED ENTRY--PERSONAL NAME
Personal name Rebolj, Rok.
Personal name Seidel, Volker.
856 40 - ELECTRONIC LOCATION AND ACCESS
Uniform Resource Identifier http://site.ebrary.com/lib/rucke/Doc?id=10112821

No items available.

© 2026 Rongo University
Contact us: librarian | system librarian | Rongo university